01531nam a22003737a 4500003000500000005001700005008004100022010000900063011000900072035000900081040000900090090001000099100003700109245013200146260004000278300002000318500001100338502008500349590003700434590004100471590004100512590004100553590004200594650005400636650003400690650006300724901000700787942000900794949004100803949004600844999001500890952012500905952012701030CHAP20251029092300.0971013s1990 r 00010 d a2238 a3210 a2410 cCHAP aTesis10aRamírez Gallardo, Fidel994001 aModelo de programación lineal para la maximización de las ganancias en la producción agrícola del Valle de Iguala, Gro. aChapingo, Méx. :bEl Autor,c1990 a156 h.b: ilus. aD45-21 aTesis (Ing. Agroindustrial) -- UACH. Departamento de Ingeniería Agroindustrial aALEPHb10c20130110lUCH01h1212 aBATCH-UPDb10c20130110lUCH01h1641 aBATCH-UPDb10c20130410lUCH01h1032 aBATCH-UPDb10c20130914lUCH01h1116 aCONVERSIONb10c20130109lUCH01h130214aAgriculturaxAspectos economicosxGuerrero.9125214aCultivosxRendimiento.93031814aProcesamiento automático de datos en agricultura.991751 aBK cFOLL bBCcTESd-11911eTS1h24067i2410si bBCcTESd-72543eTS2fc.2h24068i2410si c2238d2238 00102local4053708TESISaBCbBCcPA_TESISd2019-12-31fTESISl0p-72543r2019-12-31 00:00:00tc.2w2019-12-31yTESIS 00102local4051708TESISaBCbBCcPA_TESISd2019-12-31fTESISl0oTesisp-11911r2019-12-31 00:00:00w2019-12-31yTESIS